| 000 | 00500cam a2200169 a 4500 | ||
|---|---|---|---|
| 001 | 000000939 | ||
| 005 | 20200929145440.0 | ||
| 008 | 751015s1966 gw a 000 0 spa | ||
| 040 |
_aDO-SdBNP _bspa _cBNPHU |
||
| 082 |
_a926 _bB981W |
||
| 100 | 1 |
_aBusse, Kurt _93304 |
|
| 245 | 1 | 0 |
_aWerner von Siemens / _cKurt Busse. |
| 260 |
_aBad Godesberg : _bInter Nationes, _c1966. |
||
| 300 |
_a36 p. : _bil. ; _c24 cm. |
||
| 440 | 0 |
_aGreat Germans _93305 |
|
| 600 | 1 | 4 |
_aSIEMENS, WERNER VON, _d1816-1892 _vBIOGRAFÍA _93306 |
| 999 |
_c930 _d930 |
||